[Event "SVK-ch I/123 corr"]
[Site "Slovakia"]
[Date "1996.??.??"]
[Round "?"]
[White "Skerlik, Vladimir"]
[Black "Gabris, Vladimir"]
[Result "1-0"]
[WhiteElo "1723"]
[BlackElo "1602"]
[PlyCount "55"]
[EventDate "1996.11.15"]
[EventType "tourn (corr)"]
[EventRounds "12"]
[EventCountry "SVK"]
[SourceTitle "Corr 2008"]
[Source "ChessBase"]
[SourceDate "2008.06.24"]
[SourceVersion "1"]
[SourceVersionDate "2008.06.24"]
[SourceQuality "1"]

1. d4 d5 2. c4 c6 3. Nc3 Nf6 4. Nf3 dxc4 5. e3 b5 6. a4 b4 7. Nb1 Ba6 8. Qc2 b3 9. Qd1 e6 10. Nbd2 Qd5 11. Be2 Nbd7 12. 0-0 Rb8 13. Nb1 Ne4 14. Nfd2 Nxd2 15. Nc3 Qd6 16. Bxd2 c5 17. Nb5 Bxb5 18. axb5 cxd4 19. Bxc4 Be7 20. Qxb3 Nc5 21. Qd1 Ra8 22. Qg4 Bf6 23. exd4 Nd7 24. Rfd1 Rc8 25. Bb3 Qb6 26. d5 h5 27. Qh3 e5 28. d6 1-0

[Event "SVK-ch I/123 corr"]
[Site "Slovakia"]
[Date "1996.??.??"]
[Round "?"]
[White "Skerlik, Vladimir"]
[Black "Moravec, Milan"]
[Result "1-0"]
[WhiteElo "1723"]
[BlackElo "1662"]
[PlyCount "55"]
[EventDate "1996.11.15"]
[EventType "tourn (corr)"]
[EventRounds "12"]
[EventCountry "SVK"]
[SourceTitle "Corr 2008"]
[Source "ChessBase"]
[SourceDate "2008.06.24"]
[SourceVersion "1"]
[SourceVersionDate "2008.06.24"]
[SourceQuality "1"]

1. d4 Nf6 2. c4 g6 3. Nc3 Bg7 4. e4 d6 5. h3 e5 6. dxe5 dxe5 7. Qxd8+ Kxd8 8. Nf3 Nc6 9. Be3 b6 10. Rd1+ Bd7 11. c5 Ke7 12. Bc4 Be6 13. Bd5 Bxd5 14. exd5 e4 15. Ng5 Nb4 16. d6+ cxd6 17. cxd6+ Ke8 18. 0-0 h6 19. Ngxe4 Nxe4 20. Nxe4 Nxa2 21. d7+ Ke7 22. Rfe1 Be5 23. Bd4 Bxd4 24. Rxd4 Kd8 25. Nd6 Kxd7 26. Nxf7+ Kc7 27. Nxh8 Rxh8 28. Ra1 1-0

[Event "SVK-ch I/123 corr"]
[Site "Slovakia"]
[Date "1996.??.??"]
[Round "?"]
[White "Skerlik, Vladimir"]
[Black "Regec, Viliam"]
[Result "1-0"]
[WhiteElo "1723"]
[BlackElo "1660"]
[PlyCount "33"]
[EventDate "1996.11.15"]
[EventType "tourn (corr)"]
[EventRounds "12"]
[EventCountry "SVK"]
[SourceTitle "Corr 2008"]
[Source "ChessBase"]
[SourceDate "2008.06.24"]
[SourceVersion "1"]
[SourceVersionDate "2008.06.24"]
[SourceQuality "1"]

1. d4 d5 2. c4 e6 3. Nc3 Nf6 4. Bg5 Be7 5. e3 Nbd7 6. Nf3 Nf8 7. Rc1 c6 8. Bd3 Ng6 9. 0-0 Bd7 10. Ne5 Rc8 11. Qb3 b6 12. Bxf6 Bxf6 13. Nxd7 Qxd7 14. cxd5 exd5 15. Nxd5 0-0 16. Nxf6+ gxf6 17. Qc2 1-0